Nghiên cứu nguồn lợi cá dìa (Siganidae) tại vùng biển Cù Lao Chàm thành phố Hội An – tỉnh Quảng Nam

Cung cấp dữ liệu về nguồn lợi cá Dìa tại vùng biển Cù Lao Chàm thành phố Hội An – Tỉnh Quảng Nam. Từ đó làm cơ sở cho cơ quan quản lí có kế hoạch bảo vệ và khai thác bền vững nguồn lợi cá Dìa tại vùng biển Cù Lao Chàm.

সংরক্ষণ করুন:
গ্রন্থ-পঞ্জীর বিবরন
প্রধান লেখক: Ngô Đức Thặng
অন্যান্য লেখক: Nguyễn Thị Tường Vi (Hướng dẫn)
বিন্যাস: গ্রন্থ
ভাষা:Vietnamese
প্রকাশিত: Đà Nẵng Đại học Sư phạm, Đại học Đà Nẵng 2013
বিষয়গুলি:
ট্যাগগুলো: ট্যাগ যুক্ত করুন
কোনো ট্যাগ নেই, প্রথমজন হিসাবে ট্যাগ করুন!
Thư viện lưu trữ: Mạng thư viện Đại học Đà Nẵng
LEADER 01893nam a2200373 4500
001 000018483
003 14915
005 20131115161157.0
008 131113s2013 viesd
041 |a vie 
082 1 4 |a 597.177  |b NG-T 
100 1 |a Ngô Đức Thặng 
245 1 |a Nghiên cứu nguồn lợi cá dìa (Siganidae) tại vùng biển Cù Lao Chàm thành phố Hội An – tỉnh Quảng Nam  |c Ngô Đức Thặng ; Nguyễn Thị Tường Vi hướng dẫn  |k Khóa luận tốt nghiệp 
260 |a Đà Nẵng  |b Đại học Sư phạm, Đại học Đà Nẵng  |c 2013 
300 |a 35 tr.  |b mh.  |c 29 cm.  |e Bản tóm tắt 
500 |a Khóa luận tốt nghiệp đại học. Chuyên ngành: Sư phạm Sinh 
504 |a Mục lục đầu trang, tài liệu tham khảo tr. 73 - 74, phụ lục [13 tr.] 
520 |a Cung cấp dữ liệu về nguồn lợi cá Dìa tại vùng biển Cù Lao Chàm thành phố Hội An – Tỉnh Quảng Nam. Từ đó làm cơ sở cho cơ quan quản lí có kế hoạch bảo vệ và khai thác bền vững nguồn lợi cá Dìa tại vùng biển Cù Lao Chàm. 
600 1 4 |b Vua  |c Đinh Tiên Hoàng 
650 0 4 |a Cá dìa  |v Khóa luận tốt nghiệp  |x Nghiên cứu  |z Cù Lao Chàm (Hội An) 
653 |a Siganidae 
653 |a Khoa Sinh môi trường 
653 |a Cá dìa 
700 1 |a Nguyễn Thị Tường Vi  |e Hướng dẫn 
OWN |a LSP 
AVA |a UDN50  |b LSP  |d 597.177 NG-T  |e available  |t Error 5001 Not defined in file expand_doc_bib_avail.  |f 1  |g 0  |h N  |i 0  |k 1 
999 |a From the UDN01 
AVA |a UDN50  |b LSP  |d 597.177 NG-T  |e available  |t Error 5001 Not defined in file expand_doc_bib_avail.  |f 1  |g 0  |h N  |i 0  |k 1 
TYP |a Monograph 
TYP |a Printed language 
980 |a Mạng thư viện Đại học Đà Nẵng